000 00667nam a2200217 4500
001 148391
003 ES-MaACL
005 20230906202613.0
007 t|
008 070214s1979 sp r ||||1| spa d
100 1 _aStegmueller, Wolfgang.
_9108007
245 1 0 _aTeoría y experiencia /
_cWolfgang Stegmueller ; traducción de C. Ulises Moulines.
260 _aBarcelona :
_bAriel,
_c1979.
300 _a546 p. ;
_c22 cm.
490 1 _aCiencia de la ciencia
700 1 _aMoulines, C. Ulises.
_983863
830 0 _aCiencia de la ciencia
_9187507
852 _aES-MaACL
_jL-6306
_bR.107041
852 _aES-MaACL
_jL-6764
_bR.107783
999 _c148391
_d148391